Crónicas de arquitectura /
Publicación periódica de la Academia Nacional de Arquitectura (México) que presenta sus crónicas de las sesiones académicas ordinarias, extraordinarias y solemnes sobre arquitectura contemporánea mexicana. En este primer volumen, se incluyen las sesiones realizadas en el bienio 1990-1991.
Gardado en:
| Outros autores: | , |
|---|---|
| Formato: | Libro |
| Idioma: | Lingua castelá |
| Temas: | |
| Etiquetas: |
Sen Etiquetas, Sexa o primeiro en etiquetar este rexistro!
|
MARC
| LEADER | 00000nam^a2200000^a^4500 | ||
|---|---|---|---|
| 001 | 000190961 | ||
| 005 | 20250521000000.0 | ||
| 009 | 20260310102510.134 | ||
| 037 | |a Acervo ITESO - Biblioteca | ||
| 041 | |a ESP | ||
| 082 | |a 720. 5 |b CRO V. 2 | ||
| 245 | 1 | 0 | |a Crónicas de arquitectura / |c L. Noelle Mereles ; presen. de F. Treviño. |
| 264 | |a México : |b Academia Nacional de Arquitectura : |b Universidad Autónoma Metropolitana, |c 1996 | ||
| 300 | |a 167 p. | ||
| 336 | |a texto |b txt |2 rdacontenido | ||
| 337 | |a sin mediación |b n |2 rdamedio | ||
| 338 | |a volumen |b nc |2 rdasoporte | ||
| 520 | |a Publicación periódica de la Academia Nacional de Arquitectura (México) que presenta sus crónicas de las sesiones académicas ordinarias, extraordinarias y solemnes sobre arquitectura contemporánea mexicana. En este primer volumen, se incluyen las sesiones realizadas en el bienio 1990-1991. | ||
| 561 | |a Obra autografiada por el autor para Julio de la Peña | ||
| 649 | |a XX | ||
| 650 | |a Arquitectura - |x Publicaciones Periódicas Mexicanas - |x Tema Principal | ||
| 650 | |a Academia Nacional de Arquitectura - |z México - |x Tema Principal | ||
| 650 | |a Arquitectura Moderna - |z México - |x Historia y Crítica - |x Tema Principal | ||
| 650 | |a Arquitectura Mexicana - |x Historia y Crítica | ||
| 650 | |a Arte Moderno - |z México - |x Historia y Crítica | ||
| 650 | |a Arte Mexicano - |x Historia y Crítica | ||
| 650 | |a Publicaciones Periódicas Mexicanas | ||
| 700 | |a Noelle Mereles, Louise |e (autor) | ||
| 700 | |a Treviño, Francisco |e (presentación) | ||
| 910 | |a Fondo Julio de la Peña Lomelín | ||
| 920 | |a Impresos - Libros | ||
| 930 | |a Arquitectos Jaliscienses | ||
| 905 | |a 115 | ||
| 901 | |a 0500134912 |b IT1 |c JAL |u 20250521 | ||
| 902 | |a https://opac.biblio.iteso.mx/vufind/Record/000190961 | ||